00296 a2200121 4500001000700000020000600007040001100013100000600024240006300030245005800093362000900151440001400160164479 a  cMagnum a-10aLei no. 9.394 diretrizes e bases da educacao nacionallpor10aLei no. 9.394 diretrizes e bases da educacao nacional0 a1899 1aDo Brasil